<?xml version="1.0" encoding="UTF-8"?>
<record
    xmlns:xsi="http://www.w3.org/2001/XMLSchema-instance"
    xsi:schemaLocation="http://www.loc.gov/MARC21/slim http://www.loc.gov/standards/marcxml/schema/MARC21slim.xsd"
    xmlns="http://www.loc.gov/MARC21/slim">

  <leader>02889cam a2200601 i 4500</leader>
  <controlfield tag="001">xx004823827</controlfield>
  <controlfield tag="003">NUKAT</controlfield>
  <controlfield tag="005">20260424121524.0</controlfield>
  <controlfield tag="008">200303s2019    pl           |001 0 pol c</controlfield>
  <datafield tag="020" ind1=" " ind2=" ">
    <subfield code="a">9788380987432</subfield>
    <subfield code="q">(oprawa twarda) :</subfield>
    <subfield code="c">z&#x142; 45,00</subfield>
  </datafield>
  <datafield tag="035" ind1=" " ind2=" ">
    <subfield code="a">(OCoLC)1148391827</subfield>
  </datafield>
  <datafield tag="035" ind1=" " ind2=" ">
    <subfield code="a">(NUKAT)xx004823827</subfield>
  </datafield>
  <datafield tag="040" ind1=" " ind2=" ">
    <subfield code="a">WR U/hb</subfield>
    <subfield code="b">pol</subfield>
    <subfield code="e">rda</subfield>
    <subfield code="c">WR U/hbs</subfield>
    <subfield code="d">WR U/ms</subfield>
    <subfield code="d">WA 14/ABs</subfield>
    <subfield code="d">OLSZT 008/bak</subfield>
  </datafield>
  <datafield tag="045" ind1="2" ind2=" ">
    <subfield code="b">d1918</subfield>
    <subfield code="b">d1938</subfield>
  </datafield>
  <datafield tag="046" ind1=" " ind2=" ">
    <subfield code="k">2019</subfield>
    <subfield code="o">1918</subfield>
    <subfield code="p">1938</subfield>
  </datafield>
  <datafield tag="245" ind1="0" ind2="0">
    <subfield code="a">Antykomunizm socjalist&#xF3;w :</subfield>
    <subfield code="b">Polska Partia Socjalistyczna wobec Komunistycznej Partii Robotniczej Polski/Komunistycznej Partii Polski : wypisy z prasy i dokument&#xF3;w (1918-1938) /</subfield>
    <subfield code="c">wst&#x119;p, wyb&#xF3;r i opracowanie Karol Sacewicz.</subfield>
  </datafield>
  <datafield tag="246" ind1="3" ind2="0">
    <subfield code="a">Polska Partia Socjalistyczna wobec Komunistycznej Partii Robotniczej Polski/Komunistycznej Partii Polski</subfield>
  </datafield>
  <datafield tag="260" ind1=" " ind2=" ">
    <subfield code="a">Olsztyn ;</subfield>
    <subfield code="a">Bia&#x142;ystok ;</subfield>
    <subfield code="a">Warszawa :</subfield>
    <subfield code="b">Instytut Pami&#x119;ci Narodowej. Oddzia&#x142; w Bia&#x142;ymstoku. Delegatura w Olsztynie,</subfield>
    <subfield code="c">2019.</subfield>
  </datafield>
  <datafield tag="300" ind1=" " ind2=" ">
    <subfield code="a">519 stron ;</subfield>
    <subfield code="c">22 cm.</subfield>
  </datafield>
  <datafield tag="336" ind1=" " ind2=" ">
    <subfield code="a">Tekst</subfield>
    <subfield code="b">txt</subfield>
    <subfield code="2">rdacontent</subfield>
  </datafield>
  <datafield tag="337" ind1=" " ind2=" ">
    <subfield code="a">Bez urz&#x105;dzenia po&#x15B;rednicz&#x105;cego</subfield>
    <subfield code="b">n</subfield>
    <subfield code="2">rdamedia</subfield>
  </datafield>
  <datafield tag="338" ind1=" " ind2=" ">
    <subfield code="a">Wolumin</subfield>
    <subfield code="b">nc</subfield>
    <subfield code="2">rdacarrier</subfield>
  </datafield>
  <datafield tag="380" ind1=" " ind2=" ">
    <subfield code="a">Ksi&#x105;&#x17C;ki</subfield>
  </datafield>
  <datafield tag="380" ind1=" " ind2=" ">
    <subfield code="a">Publikacje naukowe</subfield>
  </datafield>
  <datafield tag="388" ind1="1" ind2=" ">
    <subfield code="a">1901-2000</subfield>
  </datafield>
  <datafield tag="388" ind1="1" ind2=" ">
    <subfield code="a">1918-1939</subfield>
  </datafield>
  <datafield tag="388" ind1="1" ind2=" ">
    <subfield code="a">2001-</subfield>
  </datafield>
  <datafield tag="490" ind1="1" ind2=" ">
    <subfield code="a">Seria Wydawnicza Oddzia&#x142;u Instytutu Pami&#x119;ci Narodowej w Bia&#x142;ymstoku ;</subfield>
    <subfield code="v">t. 47</subfield>
  </datafield>
  <datafield tag="504" ind1=" " ind2=" ">
    <subfield code="a">Bibliografia, netografia na stronach 491-505. Indeks.</subfield>
  </datafield>
  <datafield tag="610" ind1="2" ind2="7">
    <subfield code="a">Komunistyczna Partia Robotnicza Polski (1918-1925)</subfield>
    <subfield code="2">DBN</subfield>
    <subfield code="9">40462</subfield>
  </datafield>
  <datafield tag="610" ind1="2" ind2="7">
    <subfield code="a">Komunistyczna Partia Polski (1925-1938)</subfield>
    <subfield code="2">DBN</subfield>
    <subfield code="9">40463</subfield>
  </datafield>
  <datafield tag="610" ind1="2" ind2="7">
    <subfield code="a">Polska Partia Socjalistyczna (1892-1948)</subfield>
    <subfield code="2">DBN</subfield>
    <subfield code="9">35813</subfield>
  </datafield>
  <datafield tag="610" ind1="2" ind2="7">
    <subfield code="a">Polska Partia Socjalistyczna (1909-1919)</subfield>
    <subfield code="v">programy.</subfield>
    <subfield code="2">kaba</subfield>
    <subfield code="9">40464</subfield>
  </datafield>
  <datafield tag="610" ind1="2" ind2="7">
    <subfield code="a">Polska Partia Socjalistyczna (1919-1939)</subfield>
    <subfield code="v">programy.</subfield>
    <subfield code="2">kaba</subfield>
    <subfield code="9">40465</subfield>
  </datafield>
  <datafield tag="610" ind1="2" ind2="7">
    <subfield code="a">Polska Partia Socjalistyczna (1919-1939)</subfield>
    <subfield code="x">propaganda.</subfield>
    <subfield code="2">kaba</subfield>
    <subfield code="9">40466</subfield>
  </datafield>
  <datafield tag="610" ind1="2" ind2="7">
    <subfield code="a">Komunistyczna Partia Robotnicza Polski.</subfield>
    <subfield code="2">kaba</subfield>
    <subfield code="9">40467</subfield>
  </datafield>
  <datafield tag="610" ind1="2" ind2="7">
    <subfield code="a">Komunistyczna Partia Polski.</subfield>
    <subfield code="2">kaba</subfield>
    <subfield code="9">40468</subfield>
  </datafield>
  <datafield tag="648" ind1=" " ind2="7">
    <subfield code="a">1901-2000</subfield>
    <subfield code="2">DBN</subfield>
    <subfield code="9">34996</subfield>
  </datafield>
  <datafield tag="648" ind1=" " ind2="7">
    <subfield code="a">1918-1939</subfield>
    <subfield code="2">DBN</subfield>
    <subfield code="9">36041</subfield>
  </datafield>
  <datafield tag="650" ind1=" " ind2="7">
    <subfield code="a">Antykomunizm</subfield>
    <subfield code="2">DBN</subfield>
    <subfield code="9">39401</subfield>
  </datafield>
  <datafield tag="650" ind1=" " ind2="7">
    <subfield code="a">Propaganda antykomunistyczna</subfield>
    <subfield code="z">Polska</subfield>
    <subfield code="y">1900-1945.</subfield>
    <subfield code="2">kaba</subfield>
    <subfield code="9">40461</subfield>
  </datafield>
  <datafield tag="651" ind1=" " ind2="7">
    <subfield code="a">Polska</subfield>
    <subfield code="2">DBN</subfield>
    <subfield code="9">35076</subfield>
  </datafield>
  <datafield tag="655" ind1=" " ind2="7">
    <subfield code="a">Artyku&#x142;y</subfield>
    <subfield code="2">DBN</subfield>
    <subfield code="9">39080</subfield>
  </datafield>
  <datafield tag="655" ind1=" " ind2="7">
    <subfield code="a">Dokumenty</subfield>
    <subfield code="2">DBN</subfield>
    <subfield code="9">37215</subfield>
  </datafield>
  <datafield tag="655" ind1=" " ind2="7">
    <subfield code="a">Opracowanie</subfield>
    <subfield code="2">DBN</subfield>
    <subfield code="9">35024</subfield>
  </datafield>
  <datafield tag="658" ind1=" " ind2=" ">
    <subfield code="a">Historia</subfield>
  </datafield>
  <datafield tag="658" ind1=" " ind2=" ">
    <subfield code="a">Polityka, politologia, administracja publiczna</subfield>
  </datafield>
  <datafield tag="700" ind1="1" ind2=" ">
    <subfield code="a">Sacewicz, Karol</subfield>
    <subfield code="d">(1978- ).</subfield>
    <subfield code="e">Opracowanie</subfield>
    <subfield code="e">Wst&#x119;p</subfield>
    <subfield code="e">Wyb&#xF3;r</subfield>
    <subfield code="9">16268</subfield>
  </datafield>
  <datafield tag="710" ind1="2" ind2=" ">
    <subfield code="a">Instytut Pami&#x119;ci Narodowej - Komisja &#x15A;cigania Zbrodni przeciwko Narodowi Polskiemu.</subfield>
    <subfield code="b">Oddzia&#x142; (Bia&#x142;ystok).</subfield>
    <subfield code="b">Delegatura (Olsztyn).</subfield>
    <subfield code="e">Wydawca</subfield>
    <subfield code="4">pbl</subfield>
    <subfield code="9">16272</subfield>
  </datafield>
  <datafield tag="830" ind1=" " ind2="0">
    <subfield code="a">Seria Wydawnicza Oddzia&#x142;u Instytutu Pami&#x119;ci Narodowej w Bia&#x142;ymstoku</subfield>
    <subfield code="v">t. 47</subfield>
    <subfield code="9">13120</subfield>
  </datafield>
  <datafield tag="920" ind1=" " ind2=" ">
    <subfield code="a">978-83-8098-743-2 (oprawa twarda) : z&#x142; 45,00</subfield>
  </datafield>
  <datafield tag="942" ind1=" " ind2=" ">
    <subfield code="2">ddc</subfield>
    <subfield code="c">BK_NM</subfield>
  </datafield>
  <datafield tag="999" ind1=" " ind2=" ">
    <subfield code="c">27745</subfield>
    <subfield code="d">27745</subfield>
  </datafield>
  <datafield tag="952" ind1=" " ind2=" ">
    <subfield code="0">0</subfield>
    <subfield code="1">0</subfield>
    <subfield code="2">ddc</subfield>
    <subfield code="4">0</subfield>
    <subfield code="7">0</subfield>
    <subfield code="8">K_mag</subfield>
    <subfield code="a">BIP</subfield>
    <subfield code="b">BIP</subfield>
    <subfield code="d">2020-11-30</subfield>
    <subfield code="e">D-36/2020</subfield>
    <subfield code="f">D</subfield>
    <subfield code="g">45.00</subfield>
    <subfield code="i">59930</subfield>
    <subfield code="l">0</subfield>
    <subfield code="o">59930</subfield>
    <subfield code="p">IPWK21631</subfield>
    <subfield code="r">2026-04-24 12:16:16</subfield>
    <subfield code="w">2026-04-24</subfield>
    <subfield code="y">BK_NM</subfield>
  </datafield>
</record>
